000 00417cam a2200181 4500
001 D13531
008 090401t1939 xxu||||| |||| 00| 0 eng d
035 _a(Sirsi) u94456
041 _aeng
110 _aNorth BorneoSurvey Dept
_92053
245 _aManual of instructions governing class surveys
250 _a3rd
260 _c1939
350 _a0
520 _aShelf 132
942 _n0
948 _c04/03/1997
999 _c98046
_d98046